<?xml version="1.0" encoding="UTF-8"?>
<record
    xmlns:xsi="http://www.w3.org/2001/XMLSchema-instance"
    xsi:schemaLocation="http://www.loc.gov/MARC21/slim http://www.loc.gov/standards/marcxml/schema/MARC21slim.xsd"
    xmlns="http://www.loc.gov/MARC21/slim">

  <leader>02015nas a2200301 a 4500</leader>
  <controlfield tag="003">DO-SdUA</controlfield>
  <controlfield tag="005">20250415101404.0</controlfield>
  <controlfield tag="007">ta</controlfield>
  <controlfield tag="008">250411e2009    dr m  p|r|   ||   | spa d</controlfield>
  <datafield tag="035" ind1=" " ind2=" ">
    <subfield code="a">(DO-SdUA)46533</subfield>
  </datafield>
  <datafield tag="040" ind1=" " ind2=" ">
    <subfield code="a">DO-SdUA</subfield>
    <subfield code="b">spa</subfield>
    <subfield code="c">DO-SdUA</subfield>
    <subfield code="d">DO-SdBNP</subfield>
    <subfield code="e">rda</subfield>
  </datafield>
  <datafield tag="041" ind1="0" ind2=" ">
    <subfield code="a">spa</subfield>
  </datafield>
  <datafield tag="245" ind1="0" ind2="0">
    <subfield code="a">Puro turismo /</subfield>
    <subfield code="c">Caribbean Traveling Network Dominicano.</subfield>
  </datafield>
  <datafield tag="264" ind1=" " ind2=" ">
    <subfield code="a">Santo Domingo, Rep&#xFA;blica Dominicana :</subfield>
    <subfield code="b">Caribbean Traveling Network Dominicano, </subfield>
    <subfield code="c">2009-.</subfield>
  </datafield>
  <datafield tag="300" ind1=" " ind2=" ">
    <subfield code="a">volumen :</subfield>
    <subfield code="b">ilustraciones, fotograf&#xED;as, mapas ; </subfield>
    <subfield code="c">38 cm.</subfield>
  </datafield>
  <datafield tag="310" ind1=" " ind2=" ">
    <subfield code="a">Mensual.</subfield>
  </datafield>
  <datafield tag="336" ind1=" " ind2=" ">
    <subfield code="a">texto</subfield>
    <subfield code="b">txt</subfield>
    <subfield code="2">rdacontent</subfield>
  </datafield>
  <datafield tag="337" ind1=" " ind2=" ">
    <subfield code="a">sin mediaci&#xF3;n </subfield>
    <subfield code="b">n</subfield>
    <subfield code="2">rdamedia</subfield>
  </datafield>
  <datafield tag="338" ind1=" " ind2=" ">
    <subfield code="a">volumen </subfield>
    <subfield code="b">nc</subfield>
    <subfield code="2">rdacarrier</subfield>
  </datafield>
  <datafield tag="362" ind1=" " ind2=" ">
    <subfield code="a">A&#xF1;o: 2. N&#xFA;mero: 15. 2009.</subfield>
  </datafield>
  <datafield tag="500" ind1=" " ind2=" ">
    <subfield code="a">&#xDA;nico peri&#xF3;dico especializado en turismo de la Rep&#xFA;blica Dominicana. Editado por Caribbean Traveling Network (CTN).</subfield>
  </datafield>
  <datafield tag="500" ind1=" " ind2=" ">
    <subfield code="a">Sabemos lo importante que es para Rep&#xFA;blica Dominicana dar a conocer sus m&#xE1;s atractivos hoteles, playas y monta&#xF1;as, y tambi&#xE9;n conocer los tesoros de otros pa&#xED;ses. Consciente de esto, el canal Tur&#xED;stico Caribbean Traveling Network dominicano (CTN) present&#xF3; la primera edici&#xF3;n impresa de su nuevo medio masivo de comunicaci&#xF3;n denominado "Puro Turismo". Este peri&#xF3;dico en forma tabloide, en su primera fase se publicar&#xE1; una vez al mes y estar&#xE1; en circulaci&#xF3;n a partir de hoy a trav&#xE9;s de Omnimedia en los principales n&#xFA;cleos poblacionales de todo el pa&#xED;s. Miguel Calzada Le&#xF3;n, presidente de CTN y director del nuevo tabloide, agradeci&#xF3; la asistencia a todos los presentes y la colaboraci&#xF3;n recibida del Grupo Omnimedia y su personal ejecutivo en la consecuci&#xF3;n del proyecto.</subfield>
  </datafield>
  <datafield tag="650" ind1=" " ind2="7">
    <subfield code="a">Turismo</subfield>
    <subfield code="v">Publicaciones seriadas</subfield>
    <subfield code="z">Rep&#xFA;blica Dominicana</subfield>
    <subfield code="2">lemb</subfield>
    <subfield code="9">87425</subfield>
  </datafield>
  <datafield tag="650" ind1=" " ind2="0">
    <subfield code="a">Promoci&#xF3;n de turismo</subfield>
    <subfield code="v">Publicaciones peri&#xF3;dicas </subfield>
    <subfield code="z">Rep&#xFA;blica Dominicana </subfield>
    <subfield code="9">64013</subfield>
  </datafield>
  <datafield tag="710" ind1="2" ind2=" ">
    <subfield code="a">Caribbean Traveling Network Dominicano</subfield>
    <subfield code="9">87426</subfield>
  </datafield>
  <datafield tag="856" ind1=" " ind2=" ">
    <subfield code="a">Puro Turismo</subfield>
    <subfield code="u">https://issuu.com/puroturismo/docs/puro_turismo_peq1</subfield>
  </datafield>
  <datafield tag="942" ind1=" " ind2=" ">
    <subfield code="2">ddc</subfield>
    <subfield code="c">ISSUE</subfield>
  </datafield>
  <datafield tag="952" ind1=" " ind2=" ">
    <subfield code="0">0</subfield>
    <subfield code="1">0</subfield>
    <subfield code="2">ddc</subfield>
    <subfield code="4">0</subfield>
    <subfield code="5">6</subfield>
    <subfield code="7">0</subfield>
    <subfield code="8">SE</subfield>
    <subfield code="a">BNPHU</subfield>
    <subfield code="b">BNPHU</subfield>
    <subfield code="d">2025-04-11</subfield>
    <subfield code="h">A&#xF1;o 2, N&#xFA;mero. 15, 2009</subfield>
    <subfield code="l">0</subfield>
    <subfield code="p">2025-3330</subfield>
    <subfield code="r">2025-04-11</subfield>
    <subfield code="t">e.1</subfield>
    <subfield code="w">2025-04-11</subfield>
    <subfield code="y">ISSUE</subfield>
    <subfield code="z">Nuestro Santuario Ecol&#xF3;gico. </subfield>
  </datafield>
  <datafield tag="952" ind1=" " ind2=" ">
    <subfield code="0">0</subfield>
    <subfield code="1">0</subfield>
    <subfield code="2">ddc</subfield>
    <subfield code="4">0</subfield>
    <subfield code="5">6</subfield>
    <subfield code="7">0</subfield>
    <subfield code="8">SE</subfield>
    <subfield code="a">BNPHU</subfield>
    <subfield code="b">BNPHU</subfield>
    <subfield code="d">2025-04-11</subfield>
    <subfield code="h">A&#xF1;o 2, N&#xFA;mero. 17, 2009</subfield>
    <subfield code="l">0</subfield>
    <subfield code="p">2025-3331</subfield>
    <subfield code="r">2025-04-11</subfield>
    <subfield code="t">e.1</subfield>
    <subfield code="w">2025-04-11</subfield>
    <subfield code="y">ISSUE</subfield>
    <subfield code="z">Tabaco de prestigio mundial.</subfield>
  </datafield>
  <datafield tag="952" ind1=" " ind2=" ">
    <subfield code="0">0</subfield>
    <subfield code="1">0</subfield>
    <subfield code="2">ddc</subfield>
    <subfield code="4">0</subfield>
    <subfield code="5">6</subfield>
    <subfield code="7">0</subfield>
    <subfield code="8">SE</subfield>
    <subfield code="a">BNPHU</subfield>
    <subfield code="b">BNPHU</subfield>
    <subfield code="d">2025-04-11</subfield>
    <subfield code="h">A&#xF1;o 2, N&#xFA;mero. 17, 2009</subfield>
    <subfield code="l">0</subfield>
    <subfield code="p">2025-3332</subfield>
    <subfield code="r">2025-04-11</subfield>
    <subfield code="t">e.2</subfield>
    <subfield code="w">2025-04-11</subfield>
    <subfield code="y">ISSUE</subfield>
    <subfield code="z">Tabaco de prestigio mundial.</subfield>
  </datafield>
  <datafield tag="952" ind1=" " ind2=" ">
    <subfield code="0">0</subfield>
    <subfield code="1">0</subfield>
    <subfield code="2">ddc</subfield>
    <subfield code="4">0</subfield>
    <subfield code="5">6</subfield>
    <subfield code="7">0</subfield>
    <subfield code="8">SE</subfield>
    <subfield code="a">BNPHU</subfield>
    <subfield code="b">BNPHU</subfield>
    <subfield code="d">2025-04-11</subfield>
    <subfield code="h">A&#xF1;o 2, N&#xFA;mero. 18, 2009</subfield>
    <subfield code="l">0</subfield>
    <subfield code="p">2025-3333</subfield>
    <subfield code="r">2025-04-11</subfield>
    <subfield code="t">e.1</subfield>
    <subfield code="w">2025-04-11</subfield>
    <subfield code="y">ISSUE</subfield>
    <subfield code="z">Somos una realidad que tiene todo.</subfield>
  </datafield>
  <datafield tag="952" ind1=" " ind2=" ">
    <subfield code="0">0</subfield>
    <subfield code="1">0</subfield>
    <subfield code="2">ddc</subfield>
    <subfield code="4">0</subfield>
    <subfield code="5">6</subfield>
    <subfield code="7">0</subfield>
    <subfield code="8">SE</subfield>
    <subfield code="a">BNPHU</subfield>
    <subfield code="b">BNPHU</subfield>
    <subfield code="d">2025-04-11</subfield>
    <subfield code="h">A&#xF1;o 2, N&#xFA;mero. 21, 2010</subfield>
    <subfield code="l">0</subfield>
    <subfield code="p">2025-3334</subfield>
    <subfield code="r">2025-04-11</subfield>
    <subfield code="t">e.1</subfield>
    <subfield code="w">2025-04-11</subfield>
    <subfield code="y">ISSUE</subfield>
    <subfield code="z">&#xA1;Tu familia y t&#xFA; se lo merecen!</subfield>
  </datafield>
  <datafield tag="952" ind1=" " ind2=" ">
    <subfield code="0">0</subfield>
    <subfield code="1">0</subfield>
    <subfield code="2">ddc</subfield>
    <subfield code="4">0</subfield>
    <subfield code="5">6</subfield>
    <subfield code="7">0</subfield>
    <subfield code="8">SE</subfield>
    <subfield code="a">BNPHU</subfield>
    <subfield code="b">BNPHU</subfield>
    <subfield code="d">2025-04-11</subfield>
    <subfield code="h">Puro Turismo, 2015</subfield>
    <subfield code="l">0</subfield>
    <subfield code="p">2025-3338</subfield>
    <subfield code="r">2025-04-11</subfield>
    <subfield code="t">e.1</subfield>
    <subfield code="w">2025-04-11</subfield>
    <subfield code="y">ISSUE</subfield>
    <subfield code="z">Monte Plata, un tesoro nacional.</subfield>
  </datafield>
  <datafield tag="952" ind1=" " ind2=" ">
    <subfield code="0">0</subfield>
    <subfield code="1">0</subfield>
    <subfield code="2">ddc</subfield>
    <subfield code="4">0</subfield>
    <subfield code="5">6</subfield>
    <subfield code="7">0</subfield>
    <subfield code="8">SE</subfield>
    <subfield code="a">BNPHU</subfield>
    <subfield code="b">BNPHU</subfield>
    <subfield code="d">2025-04-11</subfield>
    <subfield code="h">Puro Turismo, 2015</subfield>
    <subfield code="l">0</subfield>
    <subfield code="p">2025-3339</subfield>
    <subfield code="r">2025-04-11</subfield>
    <subfield code="t">e.1</subfield>
    <subfield code="w">2025-04-11</subfield>
    <subfield code="y">ISSUE</subfield>
    <subfield code="z">&#xA1;Colorido Caribe&#xF1;o!</subfield>
  </datafield>
  <datafield tag="952" ind1=" " ind2=" ">
    <subfield code="0">0</subfield>
    <subfield code="1">0</subfield>
    <subfield code="2">ddc</subfield>
    <subfield code="4">0</subfield>
    <subfield code="5">6</subfield>
    <subfield code="7">0</subfield>
    <subfield code="8">SE</subfield>
    <subfield code="a">BNPHU</subfield>
    <subfield code="b">BNPHU</subfield>
    <subfield code="d">2025-04-11</subfield>
    <subfield code="h">Puro Turismo, 2019</subfield>
    <subfield code="l">0</subfield>
    <subfield code="p">2025-3340</subfield>
    <subfield code="r">2025-04-11</subfield>
    <subfield code="t">e.1</subfield>
    <subfield code="w">2025-04-11</subfield>
    <subfield code="y">ISSUE</subfield>
    <subfield code="z">Saman&#xE1; &#xA1;Imparable!</subfield>
  </datafield>
  <datafield tag="952" ind1=" " ind2=" ">
    <subfield code="0">0</subfield>
    <subfield code="1">0</subfield>
    <subfield code="2">ddc</subfield>
    <subfield code="4">0</subfield>
    <subfield code="5">6</subfield>
    <subfield code="7">0</subfield>
    <subfield code="8">SE</subfield>
    <subfield code="a">BNPHU</subfield>
    <subfield code="b">BNPHU</subfield>
    <subfield code="d">2025-04-11</subfield>
    <subfield code="h">Puro Turismo, 2019</subfield>
    <subfield code="l">0</subfield>
    <subfield code="p">2025-3341</subfield>
    <subfield code="r">2025-04-11</subfield>
    <subfield code="t">e.2</subfield>
    <subfield code="w">2025-04-11</subfield>
    <subfield code="y">ISSUE</subfield>
    <subfield code="z">Saman&#xE1; &#xA1;Imparable!</subfield>
  </datafield>
  <datafield tag="999" ind1=" " ind2=" ">
    <subfield code="c">58714</subfield>
    <subfield code="d">58714</subfield>
  </datafield>
</record>
